00551nam a2200205 i 4500001001100000003000500011005001700016008004100033020001500074040002500089082001600114100003000130245003100160264004200191300002400233336002100257337002500278338002300303650001900326C2-0284641PPAK20180728014442.0071206s2003 my |||| ||||| | may d a9832629942 aPPAKbengcPPAKerda04a899.2332230 aAhadiat Akashah, eauthor10aJoni togo merepek lagi ... 1aKuala Lumpur : bGhostwriter , c2003 a131 pages ; c17 cm 2rdacontentatext 2rdamediaaunmediated 2rdacarrieravolume10aMalay fiction.